000 00767cam a22002651 4500
001 7000554
003 ARRUPE
005 20141002173444.0
008 770623s1957 pau b 000 0 eng
010 _a 57005754
035 _a(OCoLC)3065459
040 _aDLC
_cOC
_dOCoLC
_dDLC
041 1 _aengund
042 _apremarc
050 0 0 _aBJ1253
_b.E412
082 _a171.1
100 1 _aElert, Werner,
_d1885-1954.
_912028
245 1 4 _aThe Christian ethos.
_cTranslated by Carl J. Schindler.
260 _aPhiladelphia,
_bMuhlenberg Press
_c[1957]
300 _a451 p.
_c24 cm.
504 _aIncludes bibliography.
650 0 _aChristian ethics
_xLutheran authors.
_912029
906 _a7
_bcbc
_coclcrpl
_du
_encip
_f19
_gy-gencatlg
942 _2lcc
_cMONOGRAPH
999 _c121069
_d121069